Psikologi pendidikan II (semester II)

Bibliographic Details
Main Author: Ee, Ah Meng (Author)
Format: Book
Language:Malay
Published: Shah Alam : Fajar Bakti 1997
Series:Siri Diploma Perguruan
Subjects:

MARC

LEADER 00000cam a2200000 7i4500
001 0000011335
005 20241010.0
008 030819 my a may
020 |a 9676538523 
040 |a INS   |b eng   |e rda 
090 0 0 |a LB1025.3   |b .E26 1997 
100 1 |a Ee, Ah Meng ,   |e author 
245 1 0 |a Psikologi pendidikan II (semester II)   |c Ee Ah Meng 
264 1 |a Shah Alam :   |b Fajar Bakti   |c 1997 
300 |a vi, 239 pages :   |b illustrations ;   |c 21 cm. 
336 |a text  |2 rdacontent 
337 |a unmediated  |2 rdamedia 
338 |a volume  |2 rdacarrier 
440 0 |a Siri Diploma Perguruan 
504 |a Includes bibliographical references and index 
650 0 |a Education   |x philosophy 
650 0 |a Psychology 
999 |a 0000010120   |b BOOK   |c Open Shelf   |e Default branch